| 000 | 00465nam a2200181Ia 4500 | ||
|---|---|---|---|
| 001 | 20771 | ||
| 005 | 20260306172830.0 | ||
| 008 | 260306t2024||||xx |||||||||||||| ||spa|| | ||
| 041 | _aESP | ||
| 082 |
_a343.8 _bA66F |
||
| 100 |
_aArancibia Cueva, Miguel, _eAUT |
||
| 245 | 0 |
_aFiscalización tributaria : _blos nuevos operativos de la SUNAT |
|
| 260 | _c2024 | ||
| 300 |
_a670 pƔginas : _c25 cm. |
||
| 650 | _aGEN | ||
| 654 | _aCDE | ||
| 942 |
_cLIB _dJUS _fJUS _2ddc _n |
||
| 999 |
_c20771 _d20771 |
||